Historia, narración y memoria: los debates actuales en filosofía de la historia

Saved in:
Bibliographic Details
Main Author: Mudrovcic, María Inés (autora)
Format: Book
Language:Spanish
Published: Madrid Akal 2005
Series:Akal Universitaria. Serie Interdisciplinar, 244
Subjects:
Tags: Add Tag
No Tags, Be the first to tag this record!

MARC

LEADER 00000nam a2200000 a 4500
001 UCH5645
003 CL-VaPUC
008 091015e20050000SP |||||||||||||||||spa|d
020 |a 9788446020639 
082 0 4 |a 901  |b MUD  |2 21 
100 |a Mudrovcic, María Inés  |e autora  |9 557247 
245 1 0 |a Historia, narración y memoria: los debates actuales en filosofía de la historia 
300 |a 159 p 
942 |c BK 
945 |d 20091015 00:00:00  |a rbrito 
260 |a Madrid  |b Akal  |c 2005 
650 0 |a Filosofía de la historia  |9 265651 
650 0 |a Historiografía   |9 257871 
583 |a last modification  |c 20091015 00:00:00  |k Rodrigo Vera 
490 0 |a Akal Universitaria. Serie Interdisciplinar, 244 
999 |c 336750  |d 336748 
952 |0 0  |1 0  |4 0  |6 901_000000000000000_MUD_2005  |7 0  |8 A  |9 428671  |a BIBHIS  |b BIBHIS  |d 2019-11-22  |i 4606345  |l 2  |m 7  |o 901 MUD 2005  |p 4606345  |r 2025-01-20  |s 2023-03-21  |w 2019-11-22  |y BK  |k HIS